[Event "Open 2005 des PSV Rostock"]
[Site "Rostock"]
[Date "2005.08.26"]
[Round "4.10"]
[White "Illgen, Alexander"]
[Black "Kutschke, Peter"]
[Result "1/2-1/2"]
[WhiteElo "1925"]
[BlackElo "2128"]
[PlyCount "62"]
[EventDate "2005.08.25"]
[EventType "swiss"]
[EventRounds "7"]
[EventCountry "GER"]
[Source "Th. Schwetlick"]
[SourceDate "2005.08.25"]

1. d4 d5 2. c4 Bf5 3. e3 e6 4. cxd5 exd5 5. Nc3 c6 6. a3 Nf6 7. b4 Nbd7 8. Bb2
Be7 9. Nf3 O-O 10. Be2 h6 11. O-O Re8 12. Qb3 Ne4 13. b5 Nxc3 14. Bxc3 Qb6 15.
Nd2 Nf6 16. Qa4 cxb5 17. Bxb5 Rec8 18. Ba5 Bc2 19. Bxb6 Bxa4 20. Bxa4 axb6 21.
Bd1 Rxa3 22. Rb1 Bd8 23. Nf3 Ne4 24. Rb2 Ra1 25. Bc2 Rxf1+ 26. Kxf1 Nd6 27. Bd3
Kf8 28. Ne5 Ke7 29. Ke2 Ra8 30. Bc2 Ra5 31. h4 b5 1/2-1/2

[Event "Open 2005 des PSV Rostock"]
[Site "Rostock"]
[Date "2005.08.26"]
[Round "4.11"]
[White "Schoengart, Ralf"]
[Black "Fischer, Joachim"]
[Result "1-0"]
[WhiteElo "2112"]
[BlackElo "1673"]
[PlyCount "35"]
[EventDate "2005.08.25"]
[EventType "swiss"]
[EventRounds "7"]
[EventCountry "GER"]
[Source "Th. Schwetlick"]
[SourceDate "2005.08.25"]

1. d4 Nf6 2. c4 e6 3. Nc3 Bb4 4. Qc2 b6 5. e4 Bb7 6. Bd3 Nc6 7. Nge2 d6 8. O-O
e5 9. d5 Bxc3 10. dxc6 Bxc6 11. Nxc3 Qd7 12. Nd5 Bb7 13. Bg5 c6 14. Ne3 Nh5 15.
Rad1 f6 16. Be2 Nf4 17. Bxf4 exf4 18. Nf5 1-0

[Event "Open 2005 des PSV Rostock"]
[Site "Rostock"]
[Date "2005.08.26"]
[Round "4.12"]
[White "Hamann, Dirk"]
[Black "Giese, Guido"]
[Result "1/2-1/2"]
[WhiteElo "1844"]
[BlackElo "2037"]
[PlyCount "97"]
[EventDate "2005.08.25"]
[EventType "swiss"]
[EventRounds "7"]
[EventCountry "GER"]
[Source "Th. Schwetlick"]
[SourceDate "2005.08.25"]

1. e4 c5 2. Nf3 a6 3. d4 cxd4 4. Nxd4 e5 5. Nb3 Nf6 6. Nc3 Bb4 7. Bd2 O-O 8.
Be2 Nc6 9. Bf3 Nd4 10. Nxd4 exd4 11. Ne2 Bc5 12. O-O d5 13. exd5 Nxd5 14. Nf4
Nxf4 15. Bxf4 Qb6 16. b3 Bf5 17. Bg4 Qg6 18. Bxf5 Qxf5 19. Bg3 Rfe8 20. Qd2 Re6
21. Rfe1 Rae8 22. Rxe6 Qxe6 23. h3 Qe2 24. Rd1 Qxd2 25. Rxd2 Re1+ 26. Kh2 f6
27. a4 Kf7 28. f3 Re6 29. Bf2 Rd6 30. Kg1 b5 31. axb5 axb5 32. Kf1 Ke6 33. Ke2
b4 34. Kd3 Kd5 35. Re2 f5 36. Bg3 Rg6 37. Bf4 Bd6 38. Bxd6 Rxd6 39. Re7 Rg6 40.
Rd7+ Kc5 41. Rxd4 Rxg2 42. Rc4+ Kb5 43. Rf4 g6 44. c3 bxc3 45. Kxc3 Rg3 46. h4
Rh3 47. Kd3 h6 48. Ke3 Rh2 49. Kd3 1/2-1/2

[Event "Open 2005 des PSV Rostock"]
[Site "Rostock"]
[Date "2005.08.26"]
[Round "4.13"]
[White "Herholz, Holger"]
[Black "Ehlers, Michael"]
[Result "1-0"]
[WhiteElo "2009"]
[BlackElo "1626"]
[PlyCount "63"]
[EventDate "2005.08.25"]
[EventType "swiss"]
[EventRounds "7"]
[EventCountry "GER"]
[Source "Th. Schwetlick"]
[SourceDate "2005.08.25"]

1. d4 Nf6 2. c4 e5 3. dxe5 Ng4 4. Nf3 Nc6 5. Nc3 Ngxe5 6. Nxe5 Nxe5 7. e4 d6 8.
Be2 Be6 9. b3 Be7 10. Bb2 Qd7 11. f4 Ng6 12. f5 Bxf5 13. exf5 Qxf5 14. Nd5 O-O
15. Qd4 f6 16. Bg4 Qg5 17. O-O Qe5 18. Nxc7 Rab8 19. Ne6 Rfe8 20. Qd2 Qe4 21.
Bf3 Qh4 22. Bd5 Kh8 23. Rf3 Bd8 24. Raf1 Bb6+ 25. Kh1 Ne5 26. Rh3 Qg4 27. Rf4
Qg6 28. Be4 Qf7 29. Rxh7+ Kg8 30. Rxg7+ Qxg7 31. Nxg7 Kxg7 32. Qxd6 1-0

[Event "Open 2005 des PSV Rostock"]
[Site "Rostock"]
[Date "2005.08.26"]
[Round "4.14"]
[White "Schmidt, Wolfgang"]
[Black "Heinisch, Uwe"]
[Result "1/2-1/2"]
[WhiteElo "1851"]
[BlackElo "1600"]
[PlyCount "90"]
[EventDate "2005.08.25"]
[EventType "swiss"]
[EventRounds "7"]
[EventCountry "GER"]
[Source "Th. Schwetlick"]
[SourceDate "2005.08.25"]

1. Nf3 f5 2. d3 Nf6 3. Nbd2 d5 4. c3 e6 5. Qc2 Be7 6. e4 O-O 7. e5 Nfd7 8. Be2
c5 9. O-O Nc6 10. d4 a6 11. a3 b6 12. b4 c4 13. h3 b5 14. Nh2 Nb6 15. f4 Rf7
16. g4 g6 17. Ndf3 Ra7 18. Rf2 Rg7 19. Kh1 Bd7 20. Rg2 Qf8 21. Bd2 Be8 22. Rag1
Bd8 23. Nf1 a5 24. gxf5 Qxf5 25. Qxf5 gxf5 26. Rxg7+ Rxg7 27. Ng3 a4 28. Kh2
Nd7 29. Ng5 Nf8 30. Nh5 Bxh5 31. Bxh5 Bxg5 32. fxg5 Ng6 33. Kg3 Nce7 34. h4 Kf8
35. Bf3 Rg8 36. h5 Rh8 37. hxg6 hxg6 38. Be1 Kg7 39. Bg2 Rh5 40. Bd2 Rh7 41.
Bf4 Rh8 42. Bh3 Rh7 43. Rh1 Rh8 44. Rh2 Rh7 45. Kf3 Rh8 1/2-1/2

[Event "Open 2005 des PSV Rostock"]
[Site "Rostock"]
[Date "2005.08.26"]
[Round "4.15"]
[White "Boehm, Matthias"]
[Black "Raitza, Egon"]
[Result "1/2-1/2"]
[WhiteElo "1673"]
[BlackElo "1890"]
[PlyCount "46"]
[EventDate "2005.08.25"]
[EventType "swiss"]
[EventRounds "7"]
[EventCountry "GER"]
[Source "Th. Schwetlick"]
[SourceDate "2005.08.25"]

1. e4 e6 2. d4 d5 3. exd5 exd5 4. Bd3 Bd6 5. Nf3 Ne7 6. O-O O-O 7. Bg5 f6 8.
Bh4 Bf5 9. Nc3 c6 10. Bg3 Re8 11. Ne2 Qc7 12. c3 Nd7 13. Re1 Nf8 14. Bxd6 Qxd6
15. Bxf5 Nxf5 16. Qd3 Qd7 17. Ng3 Nd6 18. Rxe8 Rxe8 19. Re1 Rxe1+ 20. Nxe1 Qe6
21. Qe2 Kf7 22. Nd3 Qxe2 23. Nxe2 Ne6 1/2-1/2

[Event "Open 2005 des PSV Rostock"]
[Site "Rostock"]
[Date "2005.08.26"]
[Round "4.16"]
[White "Krueger, Alexander"]
[Black "Loeke, Patrick"]
[Result "1-0"]
[WhiteElo "1889"]
[BlackElo "1690"]
[PlyCount "49"]
[EventDate "2005.08.25"]
[EventType "swiss"]
[EventRounds "7"]
[EventCountry "GER"]
[Source "Th. Schwetlick"]
[SourceDate "2005.08.25"]

1. e4 c5 2. Nc3 g6 3. f4 Bg7 4. Nf3 d6 5. Bc4 e6 6. O-O Ne7 7. d3 O-O 8. Qe1
Nbc6 9. Qh4 Na5 10. f5 gxf5 11. Ng5 h6 12. Rf3 hxg5 13. Bxg5 f6 14. Bh6 Nxc4
15. Rh3 Bxh6 16. Qxh6 Kf7 17. Qh5+ Ng6 18. Qh7+ Ke8 19. Qxg6+ Kd7 20. Rh7+ Kc6
21. dxc4 fxe4 22. Qxe4+ Kb6 23. Na4+ Ka6 24. Rd1 f5 25. Qf3 1-0

[Event "Open 2005 des PSV Rostock"]
[Site "Rostock"]
[Date "2005.08.26"]
[Round "4.17"]
[White "Ott, Mathias"]
[Black "Glebow, Roman"]
[Result "1-0"]
[WhiteElo "1843"]
[BlackElo "1589"]
[PlyCount "75"]
[EventDate "2005.08.25"]
[EventType "swiss"]
[EventRounds "7"]
[EventCountry "GER"]
[Source "Th. Schwetlick"]
[SourceDate "2005.08.25"]

1. d4 e6 2. c4 Nf6 3. Nc3 Bb4 4. Qc2 c5 5. dxc5 Bxc5 6. Nf3 Nc6 7. Bg5 Nd4 8.
Nxd4 Bxd4 9. e3 Bc5 10. Bd3 h6 11. Bh4 O-O 12. a3 a5 13. O-O b6 14. Be4 Rb8 15.
Bg3 d6 16. Rab1 b5 17. Nxb5 Nxe4 18. Qxe4 Ba6 19. Nxd6 Bxd6 20. Rfd1 Bb7 21.
Qc2 e5 22. Bxe5 Qg5 23. f4 Qg4 24. h3 Qxg2+ 25. Qxg2 Bxg2 26. Bxd6 Be4 27. Bxb8
Bxb1 28. Rxb1 Rxb8 29. b4 Kf8 30. Kf2 Ke7 31. e4 g5 32. fxg5 hxg5 33. Ke3 Ke6
34. Kd4 Rd8+ 35. Kc3 Ke5 36. b5 Kxe4 37. b6 f5 38. b7 1-0

[Event "Open 2005 des PSV Rostock"]
[Site "Rostock"]
[Date "2005.08.26"]
[Round "4.18"]
[White "Eichstaedt, Enrico"]
[Black "Stahl, Rene"]
[Result "0-1"]
[WhiteElo "1804"]
[BlackElo "1447"]
[PlyCount "78"]
[EventDate "2005.08.25"]
[EventType "swiss"]
[EventRounds "7"]
[EventCountry "GER"]
[Source "Th. Schwetlick"]
[SourceDate "2005.08.25"]

1. e4 c6 2. d4 d5 3. e5 Bf5 4. Bd3 Bxd3 5. Qxd3 e6 6. f4 Ne7 7. Nf3 Nf5 8. O-O
Qb6 9. c3 c5 10. g4 Nh6 11. h3 Nc6 12. Kg2 Ng8 13. f5 h6 14. fxe6 fxe6 15. Qg6+
Kd7 16. Qf7+ Nge7 17. Na3 Re8 18. Nc2 Nd8 19. Qf4 Ng6 20. Qg3 Be7 21. b3 Ref8
22. Be3 Qb5 23. Rad1 Qe2+ 24. Qf2 Nh4+ 25. Kh1 Qxf3+ 26. Qxf3 Rxf3 27. Rxf3
Nxf3 28. Rf1 Ng5 29. Bxg5 hxg5 30. Kg2 Rf8 31. Re1 cxd4 32. cxd4 Nc6 33. a3 Bd8
34. Kg3 Bb6 35. Rd1 Rf4 36. h4 Nxd4 37. hxg5 Ne2+ 38. Kh3 Rf3+ 39. Kg2 Rf2+ 0-1

[Event "Open 2005 des PSV Rostock"]
[Site "Rostock"]
[Date "2005.08.26"]
[Round "4.19"]
[White "Ernst, Mathias"]
[Black "Mangold, Thomas"]
[Result "1-0"]
[WhiteElo "1703"]
[BlackElo "1351"]
[PlyCount "76"]
[EventDate "2005.08.25"]
[EventType "swiss"]
[EventRounds "7"]
[EventCountry "GER"]
[Source "Th. Schwetlick"]
[SourceDate "2005.08.25"]

1. e4 e5 2. Nf3 Nc6 3. Bb5 a6 4. Ba4 b5 5. Bb3 Nf6 6. O-O Be7 7. Re1 d6 8. h3
O-O 9. c3 Bb7 10. d3 h6 11. Nbd2 Nd7 12. g4 b4 13. Nf1 a5 14. Ng3 Nc5 15. Bc2
Bf6 16. d4 exd4 17. cxd4 Nd7 18. e5 dxe5 19. Qd3 g6 20. Bxh6 Re8 21. Bb3 Nf8
22. Qc4 Qd7 23. Ne4 Qe7 24. d5 Nd8 25. Rad1 Ba6 26. Qc1 Rc8 27. Nfg5 Nh7 28.
Qd2 Nxg5 29. Nxg5 Bxg5 30. Bxg5 Qd6 31. Rc1 Bb5 32. Qc2 Nb7 33. Bc4 Qa6 34.
Bxb5 Qxb5 35. Qc6 Nd6 36. Qxb5 Nxb5 37. Rc5 Nd4 38. Kg2 Ne6 1-0

[Event "Open 2005 des PSV Rostock"]
[Site "Rostock"]
[Date "2005.08.26"]
[Round "4.20"]
[White "Worm, Alfred"]
[Black "Schreiber, Nico"]
[Result "1-0"]
[WhiteElo "1690"]
[BlackElo "1537"]
[PlyCount "43"]
[EventDate "2005.08.25"]
[EventType "swiss"]
[EventRounds "7"]
[EventCountry "GER"]
[Source "Th. Schwetlick"]
[SourceDate "2005.08.25"]

1. e4 d5 2. exd5 Qxd5 3. Nc3 Qa5 4. d4 c6 5. Nf3 Nf6 6. Bd2 Qc7 7. Bc4 Bg4 8.
h3 Bh5 9. Qe2 e6 10. g4 Bg6 11. O-O-O Be7 12. Ne5 Nbd7 13. h4 h6 14. Nxg6 fxg6
15. Qxe6 Rf8 16. Rhe1 Qd8 17. g5 Nd5 18. Nxd5 cxd5 19. Qxg6+ Rf7 20. Bxd5 Nb6
21. Bxf7+ Kd7 22. Qe6+ 1-0

[Event "Open 2005 des PSV Rostock"]
[Site "Rostock"]
[Date "2005.08.26"]
[Round "4.22"]
[White "Jeck, Horst"]
[Black "Hinkelmann, Dieter"]
[Result "1/2-1/2"]
[WhiteElo "1418"]
[BlackElo "1537"]
[PlyCount "130"]
[EventDate "2005.08.25"]
[EventType "swiss"]
[EventRounds "7"]
[EventCountry "GER"]
[Source "Th. Schwetlick"]
[SourceDate "2005.08.25"]

1. e4 c5 2. Nf3 e6 3. d4 cxd4 4. Nxd4 a6 5. Be3 Nf6 6. Nd2 Qc7 7. Bd3 Nc6 8. c3
b6 9. O-O Ne5 10. Be2 Bb7 11. f4 Ng6 12. e5 Nd5 13. Nc2 Nxe3 14. Nxe3 Bc5 15.
Ndc4 O-O 16. Qd3 Nh4 17. g3 Qc6 18. Kf2 Ng2 19. b4 Bxe3+ 20. Nxe3 Nxe3 21. Kxe3
b5 22. Bf3 Qb6+ 23. Qd4 Qxd4+ 24. Kxd4 Bxf3 25. Rxf3 Rac8 26. a4 Rfd8 27. axb5
axb5 28. Rd3 d5 29. Ra5 Rc4+ 30. Ke3 Rb8 31. Kd2 g6 32. Kc2 Rb7 33. Rd2 Rbc7
34. Ra3 Kf8 35. Kd3 Ke7 36. Rda2 Kd7 37. Rb3 Rb7 38. Ra5 Kc6 39. Ra6+ Kc7 40.
Rba3 Rc6 41. Ra7 Kb6 42. Ra8 h5 43. R3a6+ Kc7 44. R6a7 Kb6 45. Rxb7+ Kxb7 46.
Rf8 Rc7 47. Rh8 Kc6 48. g4 hxg4 49. Rh4 Kb6 50. Rxg4 Rc8 51. Rh4 Kc6 52. Rh7
Rc7 53. h4 Kb6 54. h5 gxh5 55. Rxh5 Kc6 56. Rh6 Kb6 57. Rf6 Re7 58. f5 Kc6 59.
fxe6 Rxe6 60. Rxf7 Rxe5 61. Rf6+ Kb7 62. Kd4 Re4+ 63. Kc5 Rc4+ 64. Kxb5 Rxc3
65. Rd6 Rd3 1/2-1/2

[Event "Open 2005 des PSV Rostock"]
[Site "Rostock"]
[Date "2005.08.27"]
[Round "5.1"]
[White "Rudolf, Henrik"]
[Black "Hoffmann, Hendrik"]
[Result "1-0"]
[WhiteElo "2329"]
[BlackElo "2284"]
[PlyCount "53"]
[EventDate "2005.08.25"]
[EventType "swiss"]
[EventRounds "7"]
[EventCountry "GER"]
[Source "Th. Schwetlick"]
[SourceDate "2005.08.25"]

1. e4 d6 2. d4 Nf6 3. Nc3 g6 4. Nf3 Bg7 5. Be2 O-O 6. O-O c6 7. Re1 Nbd7 8. a4
e5 9. Bf1 Qc7 10. h3 b6 11. d5 cxd5 12. exd5 a6 13. Nd2 Bb7 14. Nc4 Rab8 15. b3
Rfc8 16. Ba3 Bf8 17. Qd2 Ba8 18. Bb4 Nc5 19. g3 a5 20. Ba3 Bb7 21. Nb5 Qd8 22.
Bg2 Ra8 23. f4 e4 24. Bb2 Ba6 25. Bxf6 Qxf6 26. Nxb6 Bg7 27. Rad1 1-0

[Event "Open 2005 des PSV Rostock"]
[Site "Rostock"]
[Date "2005.08.27"]
[Round "5.2"]
[White "Steinhagen, Bernd"]
[Black "Gottschalk, Jens"]
[Result "1/2-1/2"]
[WhiteElo "2258"]
[BlackElo "2219"]
[PlyCount "43"]
[EventDate "2005.08.25"]
[EventType "swiss"]
[EventRounds "7"]
[EventCountry "GER"]
[Source "Th. Schwetlick"]
[SourceDate "2005.08.25"]

1. c4 e5 2. g3 d6 3. Bg2 Nc6 4. d3 g6 5. Nc3 Bg7 6. e4 Be6 7. Nge2 Qd7 8. Nd5
Nd8 9. d4 c6 10. Ne3 Bh3 11. Bxh3 Qxh3 12. d5 c5 13. Qa4+ Qd7 14. Qxd7+ Kxd7
15. Bd2 Ne7 16. b4 b6 17. b5 f5 18. Nc3 Nb7 19. Ke2 h5 20. h4 Bh6 21. Kd3 Rhf8
22. Rhf1 1/2-1/2

[Event "Open 2005 des PSV Rostock"]
[Site "Rostock"]
[Date "2005.08.27"]
[Round "5.3"]
[White "Kliewe, Hans Juergen"]
[Black "Seils, Jörg"]
[Result "0-1"]
[WhiteElo "2166"]
[BlackElo "2365"]
[PlyCount "98"]
[EventDate "2005.08.25"]
[EventType "swiss"]
[EventRounds "7"]
[EventCountry "GER"]
[Source "Th. Schwetlick"]
[SourceDate "2005.08.25"]

1. d4 Nf6 2. c4 e6 3. Nf3 Bb4+ 4. Nbd2 d5 5. e3 O-O 6. Bd3 b6 7. cxd5 exd5 8.
O-O Bb7 9. Ne5 Bd6 10. f4 c5 11. b3 Ba6 12. Qe2 Bxd3 13. Qxd3 Nbd7 14. Bb2 Qc7
15. Rac1 Qb7 16. Rf3 Rfd8 17. Qf5 Nf8 18. Rg3 Ng6 19. dxc5 Bxc5 20. Ng4 Ne8 21.
Qh5 d4 22. Nc4 dxe3 23. Ncxe3 Nxf4 24. Nh6+ Kf8 25. Qg4 Ng6 26. Nhf5 Rd7 27.
Bc3 Rd3 28. h4 Rc8 29. h5 Kg8 30. hxg6 hxg6 31. Kh1 Ba3 32. Qh4 Bxc1 33. Rh3 f6
34. Qh7+ Kf7 35. Nh6+ Ke6 36. Qg8+ Kd6 37. Bb4+ Kc7 38. Qc4+ Kb8 39. Qxd3 gxh6
40. Rxh6 f5 41. Rh3 Qe4 42. Qxe4 fxe4 43. Kg1 Nf6 44. Nc4 Bf4 45. g3 Bc7 46.
Rh6 Nd5 47. Bd2 b5 48. Ne3 Bb6 49. Kf2 Ne7 0-1

[Event "Open 2005 des PSV Rostock"]
[Site "Rostock"]
[Date "2005.08.27"]
[Round "5.4"]
[White "Schroeder, Christian"]
[Black "Lorenz, Joerg"]
[Result "1/2-1/2"]
[WhiteElo "2069"]
[BlackElo "2163"]
[PlyCount "86"]
[EventDate "2005.08.25"]
[EventType "swiss"]
[EventRounds "7"]
[EventCountry "GER"]
[Source "Th. Schwetlick"]
[SourceDate "2005.08.25"]

1. c4 e6 2. Nc3 d5 3. d4 Nf6 4. Nf3 c6 5. e3 Nbd7 6. Bd3 Be7 7. O-O O-O 8. Qc2
dxc4 9. Bxc4 Qc7 10. e4 e5 11. Bg5 exd4 12. Nb5 Qa5 13. Nbxd4 Ne5 14. Nxe5 Qxe5
15. Nf3 Qc7 16. h3 Nh5 17. Be3 Nf4 18. Rfd1 Ne6 19. Rd2 Rd8 20. Rad1 Rxd2 21.
Qxd2 b5 22. Bb3 a5 23. a4 bxa4 24. Bxa4 c5 25. Qc3 Rb8 26. b3 Rb4 27. e5 h6 28.
Nd2 Nd4 29. Bxd4 Rxd4 30. Re1 Rb4 31. Re4 Be6 32. Rxb4 axb4 33. Qe3 Qb7 34. Nc4
Qa6 35. Qe4 Bxc4 36. Qxc4 Qxc4 37. bxc4 g5 38. g3 Kg7 39. Bc2 Bd8 40. Kg2 Bc7
41. f4 gxf4 42. gxf4 f6 43. exf6+ Kxf6 1/2-1/2

[Event "Open 2005 des PSV Rostock"]
[Site "Rostock"]
[Date "2005.08.27"]
[Round "5.5"]
[White "Schoenrock, Ruediger"]
[Black "Hetey, Laszlo"]
[Result "0-1"]
[WhiteElo "2126"]
[BlackElo "2322"]
[PlyCount "62"]
[EventDate "2005.08.25"]
[EventType "swiss"]
[EventRounds "7"]
[EventCountry "GER"]
[Source "Th. Schwetlick"]
[SourceDate "2005.08.25"]

1. e4 c5 2. c3 d5 3. exd5 Qxd5 4. d4 Nf6 5. Nf3 Bg4 6. Qa4+ Bd7 7. Bb5 cxd4 8.
Bxd7+ Nbxd7 9. cxd4 e6 10. Nc3 Qc6 11. Qxc6 bxc6 12. Bf4 Bb4 13. Ke2 Ke7 14.
Bg3 Rhc8 15. Rac1 Nd5 16. Nxd5+ cxd5 17. Ne5 Nxe5 18. Bxe5 f6 19. Bf4 Bd6 20.
Bxd6+ Kxd6 21. f4 h6 22. h4 a5 23. Kd2 Rcb8 24. Rc2 Rb4 25. Kd3 Rab8 26. Rhc1
Rxb2 27. Rc7 R8b6 28. Rxg7 Rxa2 29. Rg6 f5 30. Rxh6 Rxg2 31. Rc3 Rbb2 0-1

[Event "Open 2005 des PSV Rostock"]
[Site "Rostock"]
[Date "2005.08.27"]
[Round "5.7"]
[White "Moeller, Peter"]
[Black "Schoengart, Ralf"]
[Result "0-1"]
[WhiteElo "2146"]
[BlackElo "2112"]
[PlyCount "52"]
[EventDate "2005.08.25"]
[EventType "swiss"]
[EventRounds "7"]
[EventCountry "GER"]
[Source "Th. Schwetlick"]
[SourceDate "2005.08.25"]

1. g3 Nf6 2. Bg2 g6 3. d3 Bg7 4. e4 d6 5. f4 c6 6. Nf3 Qb6 7. c3 O-O 8. Qe2
Nbd7 9. Na3 Qc7 10. O-O b5 11. e5 Nd5 12. d4 e6 13. Nc2 a5 14. a4 bxa4 15. Ne3
dxe5 16. Nxe5 Nxe5 17. fxe5 Ba6 18. c4 Nb6 19. Qc2 Rad8 20. Rd1 c5 21. d5 Bxe5
22. Bd2 Bd4 23. Kh1 exd5 24. Nxd5 Nxd5 25. Bxd5 Bb7 26. Bh6 Rxd5 0-1

[Event "Open 2005 des PSV Rostock"]
[Site "Rostock"]
[Date "2005.08.27"]
[Round "5.9"]
[White "Helms, Sven"]
[Black "Ruesch, Hans Joachim"]
[Result "1/2-1/2"]
[WhiteElo "2148"]
[BlackElo "2055"]
[PlyCount "32"]
[EventDate "2005.08.25"]
[EventType "swiss"]
[EventRounds "7"]
[EventCountry "GER"]
[Source "Th. Schwetlick"]
[SourceDate "2005.08.25"]

1. d4 g6 2. c4 Bg7 3. Nc3 d6 4. e4 Nf6 5. Nf3 O-O 6. h3 e5 7. dxe5 dxe5 8. Qxd8
Rxd8 9. Bg5 Re8 10. O-O-O c6 11. Nxe5 Rxe5 12. Rd8+ Re8 13. Bxf6 Rxd8 14. Bxd8
Bxc3 15. bxc3 Be6 16. Be7 Nd7 1/2-1/2

[Event "Open 2005 des PSV Rostock"]
[Site "Rostock"]
[Date "2005.08.27"]
[Round "5.10"]
[White "Hamann, Dirk"]
[Black "Hammel, Ralf"]
[Result "1/2-1/2"]
[WhiteElo "1844"]
[BlackElo "2188"]
[PlyCount "30"]
[EventDate "2005.08.25"]
[EventType "swiss"]
[EventRounds "7"]
[EventCountry "GER"]
[Source "Th. Schwetlick"]
[SourceDate "2005.08.25"]

1. e4 e6 2. d4 d5 3. Nd2 Nf6 4. e5 Nfd7 5. Bd3 c5 6. c3 Nc6 7. Ne2 cxd4 8. cxd4
f6 9. exf6 Nxf6 10. O-O Bd6 11. Nf3 Qc7 12. Nc3 a6 13. Bg5 O-O 14. Rc1 Qf7 15.
Ne2 Bd7 1/2-1/2

[Event "Open 2005 des PSV Rostock"]
[Site "Rostock"]
[Date "2005.08.27"]
[Round "5.11"]
[White "Kutschke, Peter"]
[Black "Ott, Mathias"]
[Result "1-0"]
[WhiteElo "2128"]
[BlackElo "1843"]
[PlyCount "89"]
[EventDate "2005.08.25"]
[EventType "swiss"]
[EventRounds "7"]
[EventCountry "GER"]
[Source "Th. Schwetlick"]
[SourceDate "2005.08.25"]

1. e4 e6 2. c4 d5 3. cxd5 exd5 4. exd5 Nf6 5. Bb5+ Bd7 6. Bc4 b5 7. Bb3 a5 8.
a3 Bg4 9. f3 Bd7 10. d4 Nh5 11. Qe2+ Qe7 12. Nc3 Na6 13. Qxe7+ Bxe7 14. Ne4 O-O
15. Ne2 a4 16. Ba2 b4 17. Bc4 h6 18. Nf4 Nf6 19. O-O Kh7 20. Nd3 Bf5 21. Re1
Bd8 22. axb4 Nb8 23. b3 a3 24. Bxa3 Nbd7 25. Bb5 Nxd5 26. Bc6 Bf6 27. Nxf6+
N7xf6 28. Bxa8 Rxa8 29. Ne5 Be6 30. Rec1 Ne8 31. b5 Nf4 32. Kf1 Bxb3 33. Nc6
Nf6 34. g3 N4d5 35. Kf2 Nb6 36. Bc5 Rxa1 37. Rxa1 Nc4 38. Rb1 Bc2 39. Rc1 Bd3
40. Rc3 Nb2 41. Rb3 Nd1+ 42. Ke1 Bc2 43. Ra3 Nb2 44. Ra2 Nd3+ 45. Kd2 1-0

[Event "Open 2005 des PSV Rostock"]
[Site "Rostock"]
[Date "2005.08.27"]
[Round "5.12"]
[White "Scholz, Alexander"]
[Black "Ernst, Mathias"]
[Result "1-0"]
[WhiteElo "2115"]
[BlackElo "1703"]
[PlyCount "77"]
[EventDate "2005.08.25"]
[EventType "swiss"]
[EventRounds "7"]
[EventCountry "GER"]
[Source "Th. Schwetlick"]
[SourceDate "2005.08.25"]

1. c4 Nf6 2. Nc3 g6 3. e4 d6 4. d4 Bg7 5. Be2 O-O 6. Nf3 e6 7. O-O Nc6 8. h3 e5
9. d5 Ne7 10. Ne1 Nh5 11. Bxh5 gxh5 12. Qxh5 f5 13. Bg5 Qe8 14. Qxe8 Rxe8 15.
Nb5 h6 16. Bd2 Rd8 17. Nxc7 Rb8 18. Be3 b6 19. f3 Ng6 20. Nd3 a5 21. Rab1 Rb7
22. Nb5 Rf7 23. Bxb6 Rdd7 24. c5 Ba6 25. c6 Rb7 26. cxb7 Rxb7 27. Bxa5 Bxb5 28.
Rfd1 Ra7 29. Bb4 fxe4 30. fxe4 Ra6 31. a3 h5 32. Be1 Bh6 33. Nb4 Ra7 34. Bd2
Nf4 35. Bxf4 exf4 36. Nc6 Rg7 37. Kf2 h4 38. Nd4 Bd7 39. Nf3 1-0

[Event "Open 2005 des PSV Rostock"]
[Site "Rostock"]
[Date "2005.08.27"]
[Round "5.13"]
[White "Giese, Guido"]
[Black "Jakob, Florian"]
[Result "1-0"]
[WhiteElo "2037"]
[BlackElo "1636"]
[PlyCount "111"]
[EventDate "2005.08.25"]
[EventType "swiss"]
[EventRounds "7"]
[EventCountry "GER"]
[Source "Th. Schwetlick"]
[SourceDate "2005.08.25"]

1. Nc3 d5 2. e4 d4 3. Nce2 e5 4. Ng3 Be6 5. Nf3 Bd6 6. Be2 Ne7 7. Ng5 Bd7 8.
Bc4 O-O 9. Qh5 h6 10. Nxf7 Rxf7 11. Qxf7+ Kh8 12. Nh5 Qg8 13. Qxg8+ Nxg8 14.
O-O Nc6 15. d3 Rf8 16. Bd2 Bg4 17. Ng3 Nge7 18. f3 Bd7 19. a3 a6 20. Ne2 g5 21.
g4 Ng6 22. Ng3 Be7 23. Nf5 Bxf5 24. exf5 Nf4 25. Bxf4 gxf4 26. Bd5 Nd8 27. Rad1
Bd6 28. Kg2 b6 29. h4 Kg7 30. Kh3 a5 31. Rg1 Rh8 32. g5 h5 33. f6+ Kg6 34. Be4+
Kf7 35. Rg2 c6 36. Rdg1 Rg8 37. Bh7 Rg6 38. Bxg6+ Kxg6 39. Re2 Nf7 40. a4 Bb4
41. Rc1 Kf5 42. c3 dxc3 43. bxc3 Ba3 44. Rd1 Bc5 45. d4 exd4 46. cxd4 Bb4 47.
d5 cxd5 48. Rxd5+ Kg6 49. Rd7 Bd6 50. Ree7 b5 51. Rxf7 bxa4 52. Rg7+ Kf5 53.
Rxd6 a3 54. f7 a2 55. f8=Q+ Ke5 56. Qf6# 1-0

[Event "Open 2005 des PSV Rostock"]
[Site "Rostock"]
[Date "2005.08.27"]
[Round "5.14"]
[White "Heinisch, Uwe"]
[Black "Illgen, Alexander"]
[Result "0-1"]
[WhiteElo "1600"]
[BlackElo "1925"]
[PlyCount "80"]
[EventDate "2005.08.25"]
[EventType "swiss"]
[EventRounds "7"]
[EventCountry "GER"]
[Source "Th. Schwetlick"]
[SourceDate "2005.08.25"]

1. d4 Nf6 2. Nf3 g6 3. Bg5 Bg7 4. c3 d5 5. Nbd2 Nbd7 6. e3 O-O 7. Be2 c5 8. O-O
Re8 9. h3 a6 10. Re1 h6 11. Bh4 e5 12. dxe5 Nxe5 13. Nxe5 Rxe5 14. Bf3 Re7 15.
e4 g5 16. Bg3 Be6 17. exd5 Bxd5 18. Rxe7 Bxf3 19. Qxf3 Qxe7 20. Kf1 Qd7 21. Nb3
Rd8 22. Kg1 Qb5 23. Be5 c4 24. Bxf6 Rd3 25. Qe2 Bxf6 26. Nc1 Rd6 27. Qc2 Qd7
28. Ne2 Rd2 29. Qe4 Rxb2 30. Nd4 Bxd4 31. cxd4 Rd2 32. Rb1 b5 33. a4 Rxd4 34.
Qa8+ Kg7 35. axb5 Rd1+ 36. Rxd1 Qxd1+ 37. Kh2 Qd6+ 38. Kg1 axb5 39. Qa1+ Qf6
40. Qa5 Qe5 0-1

[Event "Open 2005 des PSV Rostock"]
[Site "Rostock"]
[Date "2005.08.27"]
[Round "5.15"]
[White "Stahl, Rene"]
[Black "Krueger, Alexander"]
[Result "0-1"]
[WhiteElo "1447"]
[BlackElo "1889"]
[PlyCount "76"]
[EventDate "2005.08.25"]
[EventType "swiss"]
[EventRounds "7"]
[EventCountry "GER"]
[Source "Th. Schwetlick"]
[SourceDate "2005.08.25"]

1. d4 f5 2. Nf3 d6 3. e3 Nf6 4. c4 g6 5. Nc3 Bg7 6. Be2 O-O 7. O-O c6 8. Re1
Qe8 9. Bf1 e5 10. dxe5 dxe5 11. b3 Na6 12. Ba3 Rf7 13. Nb5 cxb5 14. cxb5 Rd7
15. Bc4+ Kh8 16. Qc2 Nc7 17. Rad1 Ncd5 18. Ng5 h6 19. e4 Nb6 20. Rxd7 Bxd7 21.
Nf7+ Kh7 22. Nd6 Qf8 23. Qb2 Nxc4 24. bxc4 Qg8 25. exf5 Bxf5 26. Nxf5 gxf5 27.
Qxe5 Qxc4 28. Qxf5+ Kh8 29. Qb1 Rd8 30. Rc1 Qe2 31. Bb4 Qxb5 32. f3 Qb6+ 33.
Bc5 Qxb1 34. Rxb1 b6 35. Bb4 Rc8 36. a3 Nd5 37. Bd6 Rc2 38. Rb3 Bd4+ 0-1